000 00774nam a2200265Ia 4500
003 OSt
005 20220918200522.0
006 a|||||r|||| 00| 0
007 ta
008 220917b |||||||| |||| 00| 0 eng d
024 _a89,126
037 _cTextual
040 _aARTS
_cARTS
_beng
041 _2eng
_aeng
082 _aT67:3, L8
100 _aKretscemer Richard R.
_994418
245 0 _aLanguage development and intervention with the hearing imparied
260 _aBaltiomore
_bUniversity Park Press
_c1978
300 _axiii, 358p.
_ccm.
490 _aPerspectives in audiology series
650 _aEDUCATION
700 _a Kretscemer
_994419
942 _hT67:3, L8
_cTEXL
_2CC
999 _c212796
_d212796